| 000 | 00840nam a2200253 a 4500 | ||
|---|---|---|---|
| 001 | 000023254 | ||
| 005 | 20200930022106.0 | ||
| 008 | 101201s1967 sp r 001 0 spa d | ||
| 040 |
_aDO-SdBNP _bspa _cBNPHU |
||
| 082 |
_a891.73 _bD724n, 1967 |
||
| 100 | 1 |
_aDostoyevski, Fiodor M. _d1821-1881 _945618 |
|
| 245 | 1 | 0 |
_aNoches blancas / _cDostoyevski ; traducción r. Cansinos Assens. |
| 250 | _a5a ed. | ||
| 260 |
_aMadrid : _bEspasa-Calpe, _c1967. |
||
| 300 |
_a149 ; _c18 cm. |
||
| 490 | 1 |
_aAustral. Azul : novelas y cuentos en general ; _v322 |
|
| 500 | _aIncluye índice de autores. | ||
| 650 | 4 |
_aNovela rusa _94742 |
|
| 650 | 4 |
_aLiteratura rusa _94743 |
|
| 700 | 1 |
_aCansinos Assens, R., _etr. _947887 |
|
| 740 | 3 | _aEl diario de Raskólnikov | |
| 830 | 0 |
_aAustral. Azul : novelas y cuentos en general ; _n322 _947888 |
|
| 049 | _aBNGR | ||
| 999 |
_c22751 _d22751 |
||